000 01063nam a2200325 a 4500
001 18887
003 VRT
005 20260205112032.0
008 030410s2003 xo a g 000 1 slo c
020 _a8010000787 (viaz.)
035 _aUKB000327354
040 _aBA001
_bslo
_cBA001
_eAACR2
041 1 _aslo
_heng
044 _axo
_cSK
080 _a820-93-31
100 1 _aNorton, Mary
245 0 0 _aČarodejná metla
_cMary Nortonov ; [z anglického originálu preložila Miroslava Majerčíková]
250 _a2. vyd
260 _aBratislava
_bSlovenské pedagogické nakladateľstvo - Mladé letá
_c2003
300 _a193, [1] s
521 _aPre čit. od 8 rokov
650 0 7 _aliteratúra anglická
_xromány pre deti a mládež
650 0 7 _aromány pre deti a mládež anglické
653 _a820-93-31
700 1 _aMajerčíková, Miroslava
_4trl
765 0 _tBed-knob and broomstik
_aNorton, Mary
942 _2ddc
_cKLDE
949 _61800226911
_aSK.D.17324
_bPV.5880-2003
_s6707:20060719
949 _61800226910
_aSL.D.47837
_bPV.5879-2003
999 _c18887
_d18887